000 00532nam a2200229Ia 4500
003 OSt
005 20220924142210.0
006 a|||||r|||| 00| 0
007 ta
008 ASM
024 _a300753
037 _cTextual
040 _aARTS
_cARTS
_bASM
041 _2ASM
_aASM
082 _aV2:51wN02, 158L8
100 _aBarkataki Upen
_9212999
245 0 _aJayprakash Narayan
260 _c1978
650 _aHISTORY
942 _hV2:51wN02, 158L8
_cTEXL
_2CC
999 _c449633
_d449633